Cría industrial de conejos para carne
Guardat en:
| Autor principal: | |
|---|---|
| Format: | Llibre |
| Idioma: | espanyol |
| Publicat: |
Buenos Aires
Hemisferio Sur
1976
|
| Col·lecció: | Ciencias Agropecuarias, 17
|
| Matèries: | |
| Etiquetes: |
Afegir etiqueta
Sense etiquetes, Sigues el primer a etiquetar aquest registre!
|
MARC
| LEADER | 00000nam a2200000 a 4500 | ||
|---|---|---|---|
| 001 | UCS9009 | ||
| 003 | CL-VaPUC | ||
| 008 | 971113e19760000AG |||||||||||||||||spa|d | ||
| 082 | 0 | 4 | |a 636.9 |b MAY |2 21 |
| 100 | |a Mayolas, Emilio de |e autor |9 393923 | ||
| 245 | 1 | 0 | |a Cría industrial de conejos para carne |
| 300 | |a v | ||
| 942 | |c BK | ||
| 945 | |d 19971113 00:00:00 |a jquezada | ||
| 260 | |a Buenos Aires |b Hemisferio Sur |c 1976 | ||
| 500 | |a v.3:Selección y sanidad | ||
| 650 | 7 | |a CUNICULTURA |2 CL-VaPUC |9 393924 | |
| 650 | 0 | |a Reproducción |9 269783 | |
| 650 | 7 | |a PREVENCION SANITARIA |2 CL-VaPUC |9 393925 | |
| 650 | 0 | |a Enfermedades |9 263059 | |
| 650 | 7 | |a PATOLOGIAS |2 CL-VaPUC |9 383116 | |
| 650 | 7 | |a SINTOMATOLOGIA |2 CL-VaPUC |9 393926 | |
| 650 | 7 | |a TRATAMIENTO |2 CL-VaPUC |9 393927 | |
| 650 | 7 | |a SELECCION |2 CL-VaPUC |9 393928 | |
| 650 | 0 | |a Producción |9 263680 | |
| 583 | |a last modification |c 19971113 00:00:00 |k Rodrigo Vera | ||
| 490 | 0 | |a Ciencias Agropecuarias, 17 | |
| 999 | |c 263087 |d 263085 | ||